Assassination of Rajiv Gandhi: unanswered questions and unasked queries (Record no. 394357)

000 -LEADER
fixed length control field 00483cam a22001457a 4500
008 - FIXED-LENGTH DATA ELEMENTS--GENERAL INFORMATION
fixed length control field 180718b2000 xxu||||| |||| 00| 0 eng d
020 ## - INTERNATIONAL STANDARD BOOK NUMBER
International Standard Book Number 8122005918
082 ## - DEWEY DECIMAL CLASSIFICATION NUMBER
Classification number F5x54 Sw23
100 ## - MAIN ENTRY--PERSONAL NAME
Personal name Swamy, Subramanian
245 ## - TITLE STATEMENT
Title Assassination of Rajiv Gandhi: unanswered questions and unasked queries
Statement of responsibility, etc. by Subramanian Swamy
260 ## - PUBLICATION, DISTRIBUTION, ETC.
Place of publication, distribution, etc. New Delhi
Name of publisher, distributor, etc. Konark
Date of publication, distribution, etc. 2000
300 ## - PHYSICAL DESCRIPTION
Extent 316p.
650 ## - SUBJECT ADDED ENTRY--TOPICAL TERM
Topical term or geographic name entry element India --Politics and government --1947-
650 ## - SUBJECT ADDED ENTRY--TOPICAL TERM
Topical term or geographic name entry element Gandhi, Rajiv, 1944-1991 --Assassination
Holdings
Withdrawn status Lost status Damaged status Not for loan Permanent Location Current Location Date acquired Full call number Barcode Date last seen Price effective from Koha item type
        Indian Institute of Public Administration Indian Institute of Public Administration 2000-09-29 F5x54 Sw23 75752 2018-07-21 2018-07-21 Book

Powered by Koha